| 000 | 01314nam a22003617a 4500 | ||
|---|---|---|---|
| 003 | CHAP | ||
| 005 | 20220329141116.0 | ||
| 008 | 971014s1997 r 00010 d | ||
| 010 | _a62685 | ||
| 011 | _a63657 | ||
| 035 | _a67834 | ||
| 040 | _cCHAP | ||
| 090 | _aTesis | ||
| 100 | 0 | 0 |
_aRodríguez Román, Félix. _998872 |
| 245 | _aEfecto de la fertilización foliar sobre el rendimiento y calidad del fruto de tomate (Lycopersicum esculentum Mill.), bajo condiciones de invernadero | ||
| 260 |
_aChapingo, Méx. : _bEl autor, _c1997 |
||
| 300 | _a104 h. | ||
| 502 | _aTesis (Ing. Agr. Esp. en Fitotecnia) -- UACH. Departamento de Fitotecnia | ||
| 590 |
_aALEPH _b10 _c20130110 _lUCH01 _h1346 |
||
| 590 |
_aBATCH-UPD _b10 _c20130110 _lUCH01 _h0428 |
||
| 590 |
_aBATCH-UPD _b10 _c20130110 _lUCH01 _h2058 |
||
| 590 |
_aBATCH-UPD _b10 _c20130410 _lUCH01 _h0103 |
||
| 590 |
_aBATCH-UPD _b10 _c20130914 _lUCH01 _h1129 |
||
| 590 |
_aCONVERSION _b10 _c20130109 _lUCH01 _h1334 |
||
| 650 | 1 | 4 |
_aCultivos en invernadero. _930376 |
| 650 | 1 | 4 |
_aFertilización foliar. _940445 |
| 650 | 1 | 4 |
_aFertilizantes _xEfecto en tomate. _940556 |
| 650 | 1 | 4 |
_aTomate _xRendimiento. _9113761 |
| 901 | _aBK | ||
| 942 | _cFOLL | ||
| 949 |
_bBC _cTES _d33724000636650 _eTS2 _fc.2 _h31280 _i67834 _si |
||
| 949 |
_bBC _cTES _d678341 _eTS1 _h31279 _i67834 _sb |
||
| 999 |
_c62685 _d62685 |
||